[Event "African Championship 2013 Open"]
[Site "Hotel Sol Phebus - Tunis"]
[Date "2013.05.25"]
[Round "7.5"]
[White "Njobvu, Ignatius"]
[Black "Sarwat, Walaa"]
[Result "0-1"]
[WhiteElo "2239"]
[BlackElo "2335"]
[PlyCount "110"]
[EventDate "2013.05.18"]
[EventRounds "9"]
[EventCountry "TUN"]

1. d4 d5 2. c4 c6 3. Nf3 Nf6 4. e3 g6 5. Nc3 Bg7 6. Be2 O-O 7. O-O c5 8. dxc5
dxc4 9. Qxd8 Rxd8 10. Bxc4 Nbd7 11. Rd1 Rf8 12. c6 bxc6 13. Bd2 Nb6 14. Be2
Nfd5 15. Rac1 Bg4 16. Nd4 Bxe2 17. Ncxe2 Rfc8 18. b4 Na4 19. Rc2 c5 20. Rdc1
Rab8 21. bxc5 e5 22. Nb3 Bf8 23. e4 Nb4 24. Bxb4 Rxb4 25. Nc3 Nxc3 26. Rxc3
Rxe4 27. f3 Re2 28. R1c2 Rxc2 29. Rxc2 f5 30. Rc4 Rc6 31. Kf1 Kf7 32. Rb4 Rc7
33. Rb8 Be7 34. Rh8 h5 35. Ra8 Ke6 36. Rg8 g5 37. Rg6+ Kd5 38. Rg7 h4 39. Ke2
e4 40. Rf7 Ke6 41. Rh7 exf3+ 42. gxf3 Kf6 43. Rh6+ Ke5 44. Rh7 Bd6 45. Rh5 Bxc5
46. Rxg5 Be7 47. Rh5 Rc2+ 48. Ke3 Rxh2 49. f4+ Kf6 50. Nd4 Kg6 51. Rxf5 Rxa2
52. Re5 Bf6 53. f5+ Kh7 54. Rd5 Bxd4+ 55. Kxd4 Rd2+ 0-1

[Event "African Championship 2013 Open"]
[Site "Hotel Sol Phebus - Tunis"]
[Date "2013.05.25"]
[Round "7.6"]
[White "Solomon, Kenny"]
[Black "Ezat, Mohamed"]
[Result "0-1"]
[WhiteElo "2406"]
[BlackElo "2454"]
[PlyCount "72"]
[EventDate "2013.05.18"]
[EventRounds "9"]
[EventCountry "TUN"]

1. d4 Nf6 2. c4 g6 3. Nc3 Bg7 4. e4 d6 5. Nf3 O-O 6. Be2 e5 7. O-O Nc6 8. d5
Ne7 9. b4 c6 10. Qb3 a5 11. Rb1 axb4 12. Qxb4 c5 13. Qb3 Ra6 14. Bd2 Nd7 15. g3
h6 16. Nh4 f5 17. exf5 gxf5 18. f4 exf4 19. Bxf4 Ne5 20. Nb5 N7g6 21. Ng2 Ng4
22. Rbe1 N6e5 23. Bd1 Ng6 24. Bc2 h5 25. a4 Bd7 26. Qf3 N6e5 27. Qe2 Re8 28.
Bxe5 Rxe5 29. Qf3 Qg5 30. Rxe5 Bxe5 31. h3 Nf6 32. Nf4 h4 33. Kh1 hxg3 34. Kg2
Ra8 35. Nc7 Ra7 36. Nce6 Qh4 0-1

[Event "African Championship 2013 Open"]
[Site "Hotel Sol Phebus - Tunis"]
[Date "2013.05.25"]
[Round "7.7"]
[White "Arab, Adlane"]
[Black "Zaibi, Amir"]
[Result "1/2-1/2"]
[WhiteElo "2445"]
[BlackElo "2285"]
[PlyCount "156"]
[EventDate "2013.05.18"]
[EventRounds "9"]
[EventCountry "TUN"]

1. d4 d5 2. c4 e6 3. Nf3 c6 4. e3 f5 5. Bd3 Nf6 6. O-O Bd6 7. b3 Qe7 8. Bb2 O-O
9. Qc1 b6 10. Ba3 c5 11. cxd5 exd5 12. dxc5 bxc5 13. Nc3 a6 14. Rd1 Kh8 15. Qc2
Nbd7 16. Ne2 Ne4 17. Bb2 Ndf6 18. Nf4 Bb7 19. Bf1 d4 20. Nh3 dxe3 21. fxe3 Ng4
22. Re1 Qc7 23. Nf4 Nxe3 24. Ng6+ hxg6 25. Rxe3 Bf4 26. Rd3 Rae8 27. Rad1 Rf7
28. Qc4 g5 29. Bc1 Bxc1 30. Qxc1 f4 31. Nd2 g4 32. Nxe4 Bxe4 33. Rd6 f3 34. Qg5
f2+ 35. Kh1 c4 36. Rd8 Ref8 37. Qxg4 Bd3 38. Rxf8+ Rxf8 39. bxc4 Bxf1 40. Rxf1
Rf4 41. Qh5+ Kg8 42. Qd5+ Kh8 43. c5 Qe7 44. g3 Rf5 45. Qa8+ Rf8 46. Qg2 Qxc5
47. Qh3+ Kg8 48. Qe6+ Kh8 49. Kg2 a5 50. Qe4 a4 51. h4 a3 52. g4 Qd6 53. g5 g6
54. Rxf2 Rxf2+ 55. Kxf2 Qh2+ 56. Qg2 Qxh4+ 57. Ke3 Qb4 58. Qh3+ Kg7 59. Qd7+
Kf8 60. Qd8+ Kf7 61. Qf6+ Kg8 62. Qxg6+ Kf8 63. Qf6+ Kg8 64. Qe6+ Kg7 65. Qe5+
Kg6 66. Qf6+ Kh5 67. Qh6+ Kg4 68. g6 Qc3+ 69. Ke4 Qc4+ 70. Ke5 Qxa2 71. g7 Qb2+
72. Kd5 Qb5+ 73. Kd4 Qb4+ 74. Kd3 Qb3+ 75. Ke2 Qc4+ 76. Kd1 Qb3+ 77. Ke1 Qb1+
78. Ke2 Qb5+ 1/2-1/2

[Event "African Championship 2013 Open"]
[Site "Hotel Sol Phebus - Tunis"]
[Date "2013.05.25"]
[Round "7.8"]
[White "Nassr, Ali"]
[Black "Bouzidi, Ahmed"]
[Result "1-0"]
[WhiteElo "2070"]
[BlackElo "2161"]
[PlyCount "67"]
[EventDate "2013.05.18"]
[EventRounds "9"]
[EventCountry "TUN"]

1. e4 c6 2. d4 d5 3. exd5 cxd5 4. c4 Nf6 5. Nc3 e6 6. Nf3 Be7 7. c5 O-O 8. a3
b6 9. b4 Ne4 10. Qc2 f5 11. Be2 Bf6 12. O-O a5 13. Be3 Na6 14. Na4 bxc5 15.
bxc5 g5 16. Rab1 f4 17. Bc1 g4 18. Ne5 Bxe5 19. dxe5 f3 20. Bd3 Ng5 21. g3 Ra7
22. Be3 Nc7 23. c6 d4 24. Bxg5 Qxg5 25. Rfe1 Qh5 26. Re4 Ba6 27. h4 Rd8 28. Nc5
Bxd3 29. Qxd3 Qf5 30. Rb7 Na6 31. Nxa6 Rxa6 32. c7 Rf8 33. Rf4 Qxf4 34. gxf4
1-0

[Event "African Championship 2013 Open"]
[Site "Hotel Sol Phebus - Tunis"]
[Date "2013.05.25"]
[Round "7.9"]
[White "Amdouni, Zoubaier"]
[Black "Solomons, Deon"]
[Result "1-0"]
[WhiteElo "2249"]
[BlackElo "2169"]
[PlyCount "83"]
[EventDate "2013.05.18"]
[EventRounds "9"]
[EventCountry "TUN"]

1. e4 d6 2. d4 Nf6 3. Nc3 g6 4. Be3 Bg7 5. Qd2 a6 6. f3 Nc6 7. O-O-O h5 8. Kb1
b5 9. Nh3 Nd7 10. f4 Nb6 11. d5 b4 12. Nb5 O-O 13. Nd4 Na7 14. Be2 c5 15. dxc6
Na4 16. f5 Nb5 17. Bxb5 axb5 18. Qxb4 Nc5 19. Nb3 Ra4 20. Qxb5 Ba6 21. Qxc5
dxc5 22. Rxd8 Rxd8 23. Nxc5 Rb4 24. b3 Bc8 25. Nf4 Bh6 26. Re1 Rb5 27. Ncd3
gxf5 28. c4 fxe4 29. cxb5 exd3 30. Nxd3 Bg7 31. Kc2 Bf5 32. Rd1 Be4 33. Rd2 Be5
34. h3 f5 35. Bc5 Kf7 36. Bb4 Bf4 37. Rd1 Be3 38. Kc3 Bd4+ 39. Kc4 Bd5+ 40.
Kxd4 Bxb3+ 41. Ke3 Bxd1 42. c7 1-0

[Event "African Championship 2013 Open"]
[Site "Hotel Sol Phebus - Tunis"]
[Date "2013.05.25"]
[Round "7.10"]
[White "Boudriga, Med Ali"]
[Black "Asabri, Hussien"]
[Result "1/2-1/2"]
[WhiteElo "2234"]
[BlackElo "2222"]
[PlyCount "37"]
[EventDate "2013.05.18"]
[EventRounds "9"]
[EventCountry "TUN"]

1. e4 e5 2. Nf3 Nc6 3. Bc4 Nf6 4. d3 Bc5 5. c3 d6 6. Nbd2 a6 7. Bb3 Ba7 8. Nf1
Ne7 9. Ng3 Ng6 10. O-O O-O 11. h3 h6 12. Be3 Nh7 13. d4 Qf6 14. Nh5 Qe7 15. Qd2
Nh4 16. Nxh4 Qxh4 17. Ng3 Ng5 18. Qe1 exd4 19. Bxd4 1/2-1/2

[Event "African Championship 2013 Open"]
[Site "Hotel Sol Phebus - Tunis"]
[Date "2013.05.25"]
[Round "7.11"]
[White "Nafri, Khalil"]
[Black "Bouaziz, Mehdi"]
[Result "1/2-1/2"]
[WhiteElo "2191"]
[BlackElo "2228"]
[PlyCount "174"]
[EventDate "2013.05.18"]
[EventRounds "9"]
[EventCountry "TUN"]

1. e4 c5 2. Nf3 Nc6 3. d4 cxd4 4. Nxd4 g6 5. Be3 Nf6 6. Nc3 Bg7 7. Bc4 O-O 8.
Bb3 a5 9. a4 Ng4 10. Qxg4 Nxd4 11. Qh4 Nxb3 12. cxb3 Ra6 13. O-O Re6 14. Rfe1
b6 15. Bh6 Bxh6 16. Qxh6 Qc7 17. Re3 Qe5 18. Rd1 Rd8 19. Red3 d6 20. Rd5 Qg7
21. Qxg7+ Kxg7 22. Rb5 d5 23. Rbxd5 Rxd5 24. Rxd5 f5 25. f3 Bb7 26. Rd4 Kf6 27.
b4 fxe4 28. fxe4 Ke5 29. Rc4 Rc6 30. Rxc6 Bxc6 31. bxa5 bxa5 32. Kf2 Bxe4 33.
g3 Kd4 34. Ke2 Bc6 35. Kd2 Kc4 36. Kc2 Kb4 37. b3 e5 38. Na2+ Ka3 39. Nc3 Kb4
40. Na2+ Ka3 41. Nc3 e4 42. Nb5+ Kb4 43. Nd4 Bd5 44. Kb2 Kc5 45. Nc2 Be6 46.
Kc3 Bd5 47. b4+ axb4+ 48. Nxb4 Ba8 49. Nc2 g5 50. Ne3 Bb7 51. Ng4 Bc8 52. Nf6
Bf5 53. g4 Bg6 54. Nd7+ Kd6 55. Nf8 Be8 56. Nxh7 Ke5 57. a5 Bb5 58. Nxg5 Kf4
59. Ne6+ Kxg4 60. Kd4 Bc6 61. a6 Kf3 62. a7 e3 63. Kd3 Be4+ 64. Kc3 Ba8 65.
Nd4+ Ke4 66. h3 Bd5 67. h4 Kf4 68. Kd3 Kg4 69. Kxe3 Kxh4 70. Kf4 Ba8 71. Nb3
Kh5 72. Ke5 Kg6 73. Kd6 Kf7 74. Kc7 Ke8 75. Nc5 Ke7 76. Nd7 Ke6 77. Nb6 Bg2 78.
Na4 Ke7 79. Nc5 Ba8 80. Na6 Ke8 81. Kb8 Kd7 82. Nc5+ Kd8 83. Na4 Bg2 84. Nc5
Ba8 85. Ne6+ Kd7 86. Nc7 Bg2 87. Na6 Ba8 1/2-1/2

[Event "African Championship 2013 Open"]
[Site "Hotel Sol Phebus - Tunis"]
[Date "2013.05.25"]
[Round "7.12"]
[White "Al-Zayat, Ahmed"]
[Black "Taeib, Sahbi"]
[Result "1-0"]
[WhiteElo "2070"]
[BlackElo "2134"]
[PlyCount "81"]
[EventDate "2013.05.18"]
[EventRounds "9"]
[EventCountry "TUN"]

1. d4 d6 2. Nf3 g6 3. g3 Bg7 4. Bg2 Nf6 5. O-O O-O 6. a4 c6 7. a5 Be6 8. Nbd2
d5 9. Ne5 Nfd7 10. Ndf3 Nf6 11. c3 Qc8 12. Re1 Bf5 13. Nh4 Bg4 14. Qb3 Be6 15.
Ra4 Na6 16. c4 dxc4 17. Nxc4 Rd8 18. Nf3 Bd5 19. Nfe5 Bxg2 20. Kxg2 e6 21. Bg5
h6 22. Bxf6 Bxf6 23. Qf3 Bxe5 24. dxe5 Qc7 25. Nd6 Rxd6 26. exd6 Qxd6 27. Qf6
Rf8 28. Rd4 Qc5 29. Red1 Nc7 30. b4 Qc3 31. Qf4 e5 32. Qxe5 Ne6 33. Re4 Qxe5
34. Rxe5 b6 35. Rd7 Ra8 36. Rb7 c5 37. axb6 axb6 38. b5 c4 39. Rxb6 Ra4 40. Ra6
Rxa6 41. bxa6 1-0

[Event "African Championship 2013 Open"]
[Site "Hotel Sol Phebus - Tunis"]
[Date "2013.05.25"]
[Round "7.13"]
[White "Belkhodja, Slim"]
[Black "Oliveira, Luciano"]
[Result "1-0"]
[WhiteElo "2444"]
[BlackElo "2189"]
[PlyCount "125"]
[EventDate "2013.05.18"]
[EventRounds "9"]
[EventCountry "TUN"]

1. e4 c5 2. Nf3 d6 3. d4 cxd4 4. Qxd4 e5 5. Qd3 Nf6 6. Bg5 Nbd7 7. Nc3 Be7 8.
Bxf6 Nxf6 9. Qe3 a6 10. Bc4 Qc7 11. Bb3 Be6 12. O-O h6 13. Rfd1 O-O 14. Qe2 b5
15. Ne1 Qb6 16. Nd5 Nxd5 17. Bxd5 Rac8 18. c3 Bh4 19. g3 Be7 20. Nc2 Rc5 21.
Ne3 Re8 22. h4 Bf8 23. Rd2 Qd8 24. Kg2 Qf6 25. a4 Rb8 26. axb5 axb5 27. Ra7 Qd8
28. Qf3 Rc7 29. Ra1 Rc5 30. h5 Rc7 31. Nc2 Qg5 32. Ne3 Be7 33. Ra6 Bf8 34. Rd1
Bc8 35. Ra5 Be6 36. Rda1 Qe7 37. Ra8 Rcc8 38. R8a6 Rc7 39. R1a5 Bc8 40. Nf5 Qf6
41. Ra7 Rxa7 42. Rxa7 Be6 43. Bxe6 fxe6 44. Nh4 Qxf3+ 45. Kxf3 d5 46. Rd7 b4
47. Ng6 bxc3 48. bxc3 Rc8 49. Ke2 dxe4 50. Nxe5 Rxc3 51. Rd8 Ra3 52. g4 Rb3 53.
Re8 Ra3 54. Kd2 Rb3 55. Kc2 Ra3 56. Kb2 Ra7 57. Kc3 Re7 58. Rd8 Ra7 59. Kd4
Ra4+ 60. Ke3 Ra7 61. Kxe4 Ra4+ 62. Kf3 Ra7 63. Nd7 1-0

[Event "African Championship 2013 Open"]
[Site "Hotel Sol Phebus - Tunis"]
[Date "2013.05.25"]
[Round "7.14"]
[White "Elarbi, Abobker"]
[Black "Miguel, Sergio"]
[Result "1-0"]
[WhiteElo "2272"]
[BlackElo "2218"]
[PlyCount "61"]
[EventDate "2013.05.18"]
[EventRounds "9"]
[EventCountry "TUN"]

1. Nf3 Nf6 2. c4 e6 3. d4 b6 4. Bg5 Bb4+ 5. Nbd2 Bb7 6. a3 Be7 7. Qc2 c5 8.
dxc5 bxc5 9. e3 h6 10. Bf4 Nc6 11. h3 O-O 12. Be2 d5 13. O-O Qb6 14. Rac1 a5
15. Rfd1 a4 16. Rb1 Qa7 17. Rbc1 Rfd8 18. Bd3 d4 19. e4 Nd7 20. e5 Qb8 21. Re1
Bf6 22. Ne4 Ncxe5 23. Nxf6+ gxf6 24. Nxe5 fxe5 25. Bxh6 f6 26. Bg6 Kh8 27. Re4
f5 28. Rh4 Be4 29. Qe2 Nf8 30. Bxf8+ Kg8 31. Rh8+ 1-0

[Event "African Championship 2013 Open"]
[Site "Hotel Sol Phebus - Tunis"]
[Date "2013.05.26"]
[Round "8.1"]
[White "Amin, Bassem"]
[Black "Haddouche, Mohamed"]
[Result "1/2-1/2"]
[WhiteElo "2635"]
[BlackElo "2459"]
[PlyCount "45"]
[EventDate "2013.05.18"]
[EventRounds "9"]
[EventCountry "TUN"]

1. Nf3 Nf6 2. g3 g6 3. Bg2 Bg7 4. O-O d6 5. c4 O-O 6. Nc3 e5 7. d3 c6 8. Rb1 a5
9. a3 Re8 10. Bg5 Nbd7 11. b4 axb4 12. axb4 h6 13. Bxf6 Nxf6 14. b5 d5 15. bxc6
bxc6 16. d4 exd4 17. Nxd4 Ne4 18. Nxe4 dxe4 19. Nxc6 Qc7 20. Qd5 Bf5 21. g4
Bxg4 22. Bxe4 Rac8 23. Bg2 1/2-1/2

[Event "African Championship 2013 Open"]
[Site "Hotel Sol Phebus - Tunis"]
[Date "2013.05.26"]
[Round "8.2"]
[White "Adly, Ahmed"]
[Black "Adnani, Moklis"]
[Result "1/2-1/2"]
[WhiteElo "2594"]
[BlackElo "2365"]
[PlyCount "174"]
[EventDate "2013.05.18"]
[EventRounds "9"]
[EventCountry "TUN"]

1. d4 d5 2. Nf3 Nc6 3. c4 Bg4 4. Nc3 e6 5. Bf4 Nf6 6. e3 Bb4 7. h3 Bh5 8. Rc1
O-O 9. a3 Bxc3+ 10. Rxc3 Ne4 11. Rc2 g5 12. Bh2 f5 13. Be2 f4 14. O-O Kh8 15.
b4 Rc8 16. cxd5 exd5 17. Qc1 Qf6 18. b5 Ne7 19. Rxc7 Rxc7 20. Qxc7 Ng6 21. g4
fxg3 22. fxg3 Rf7 23. Qc8+ Rf8 24. Qc7 Rf7 25. Qc8+ Rf8 26. Qc1 Qe6 27. g4 Bxg4
28. Be5+ Kg8 29. Nxg5 Nxg5 30. Rxf8+ Kxf8 31. Qc5+ Ke8 32. hxg4 Nxe5 33. dxe5
Ne4 34. Qc7 Qe7 35. Qc8+ Kf7 36. Qf5+ Kg7 37. Bd3 Qxa3 38. Qd7+ Kh6 39. Qe6+
Kg7 40. Qd7+ Kh6 41. g5+ Nxg5 42. Qxd5 Qc1+ 43. Kg2 Qd2+ 44. Kf1 Qd1+ 45. Kf2
Qd2+ 46. Kf1 Qxe3 47. Be2 Qf4+ 48. Ke1 Qc1+ 49. Kf2 Qf4+ 50. Ke1 Ne4 51. Qe6+
Kg5 52. Qg8+ Kf5 53. Qxh7+ Kxe5 54. Qc7+ Nd6 55. Qc5+ Ke6 56. Qxa7 Qc1+ 57. Bd1
Qc3+ 58. Kf1 Qh3+ 59. Ke1 Qh1+ 60. Kd2 Qh6+ 61. Kc2 Qg6+ 62. Kb2 Qg7+ 63. Kb1
Qf7 64. Qe3+ Kd7 65. Qe2 Qf5+ 66. Bc2 Qxb5+ 67. Qxb5+ Nxb5 68. Kb2 Kd6 69. Bd3
Kc5 70. Kb3 Nd4+ 71. Kc3 Nb5+ 72. Kb3 Nd4+ 73. Kc3 Nb5+ 74. Kb3 Nc7 75. Bf1 Nd5
76. Bg2 b5 77. Bxd5 Kxd5 78. Kb4 Kc6 79. Kb3 Kc5 80. Kc3 b4+ 81. Kb3 Kb5 82.
Kb2 Kc4 83. Kc2 b3+ 84. Kb2 Kb4 85. Kb1 Kc3 86. Kc1 b2+ 87. Kb1 Kb3 1/2-1/2

[Event "African Championship 2013 Open"]
[Site "Hotel Sol Phebus - Tunis"]
[Date "2013.05.26"]
[Round "8.3"]
[White "Hifad, Rachid"]
[Black "Abdel Razik, Khaled"]
[Result "1/2-1/2"]
[WhiteElo "2304"]
[BlackElo "2444"]
[PlyCount "101"]
[EventDate "2013.05.18"]
[EventRounds "9"]
[EventCountry "TUN"]

1. d4 d5 2. c4 e6 3. Nc3 Nf6 4. cxd5 exd5 5. Bg5 Bb4 6. e3 Nbd7 7. Bd3 c5 8.
Nge2 h6 9. Bxf6 Nxf6 10. Bb5+ Ke7 11. dxc5 Bxc5 12. O-O Qd6 13. Nd4 Rd8 14. Be2
Kf8 15. Na4 Bb4 16. a3 Ba5 17. Nb5 Qe7 18. b4 a6 19. bxa5 axb5 20. Nc3 Rxa5 21.
Nxb5 Bd7 22. Qb3 Rda8 23. Rfc1 Kg8 24. a4 Qe5 25. Nd4 Rxa4 26. Rxa4 Rxa4 27.
Qb6 Qe7 28. Rb1 Bc8 29. h3 Ra8 30. Bd3 Ne4 31. Bxe4 Qxe4 32. Rc1 Kh7 33. Qc7
Qg6 34. Kh2 Qf6 35. Rc2 Qg6 36. Rb2 Qf6 37. Kg3 Bf5 38. Rxb7 Bg6 39. Qf4 Qd8
40. Qe5 Ra6 41. Rb8 Qd7 42. Rb5 Bd3 43. Rb2 Rg6+ 44. Kh2 Bf1 45. f3 Rg5 46. Qf4
Rg6 47. Rf2 Bc4 48. h4 Qe7 49. Nf5 Qe6 50. Nd4 Qe7 51. Nf5 1/2-1/2

[Event "African Championship 2013 Open"]
[Site "Hotel Sol Phebus - Tunis"]
[Date "2013.05.26"]
[Round "8.4"]
[White "Sarwat, Walaa"]
[Black "Nassr, Ali"]
[Result "1/2-1/2"]
[WhiteElo "2335"]
[BlackElo "2070"]
[PlyCount "121"]
[EventDate "2013.05.18"]
[EventRounds "9"]
[EventCountry "TUN"]

1. e4 c5 2. Nf3 Nc6 3. Nc3 e5 4. Bc4 Be7 5. d3 Nf6 6. Ng5 O-O 7. f4 d6 8. O-O
h6 9. Nf3 exf4 10. Bxf4 Be6 11. Qd2 d5 12. exd5 Nxd5 13. Bg3 Nxc3 14. Bxe6 Nb5
15. Bc4 Nbd4 16. Qf2 Bf6 17. c3 Nxf3+ 18. Qxf3 Qd7 19. Qh5 Na5 20. Qxc5 Nxc4
21. Qxc4 Rac8 22. Qe4 Rfe8 23. Qf5 Qc6 24. Rae1 Qb6+ 25. Qf2 Qa6 26. Rd1 Qxa2
27. Ra1 Qd5 28. Rxa7 Qxd3 29. Rxb7 Re2 30. Qf3 Rd8 31. Qxd3 Rxd3 32. Bf4 Rc2
33. Rb8+ Kh7 34. Rb5 Rd8 35. g3 Re8 36. Rf2 Ree2 37. Rxe2 Rxe2 38. h4 g5 39.
hxg5 hxg5 40. Kf1 Rc2 41. Bd6 Kg6 42. g4 Kg7 43. Ba3 Kg6 44. Rc5 Kg7 45. Rc4
Be5 46. Re4 f6 47. Re3 Kf7 48. Re2 Rc1+ 49. Re1 Rc2 50. Re3 Ke6 51. Re2 Rc1+
52. Kf2 Kd5 53. Re3 Rh1 54. b3 Rh2+ 55. Kf1 Rh4 56. c4+ Kc6 57. Be7 Rxg4 58.
Ke2 Bd4 59. Rf3 Re4+ 60. Kd3 Rxe7 61. Kxd4 1/2-1/2

[Event "African Championship 2013 Open"]
[Site "Hotel Sol Phebus - Tunis"]
[Date "2013.05.26"]
[Round "8.5"]
[White "Zaibi, Amir"]
[Black "El Gindy, Essam"]
[Result "0-1"]
[WhiteElo "2285"]
[BlackElo "2482"]
[PlyCount "68"]
[EventDate "2013.05.18"]
[EventRounds "9"]
[EventCountry "TUN"]

1. e4 c5 2. Nf3 Nc6 3. Bb5 e5 4. O-O Nge7 5. Re1 Ng6 6. c3 a6 7. Bf1 d6 8. d4
cxd4 9. cxd4 Bg4 10. d5 Nd4 11. Be2 Nxe2+ 12. Qxe2 Nh4 13. Nbd2 Be7 14. h3 Bh5
15. g4 Bg6 16. Nxh4 Bxh4 17. Nf3 Be7 18. Bd2 h5 19. Kg2 Qd7 20. Kg3 Rc8 21.
Rac1 O-O 22. Rxc8 Rxc8 23. Bc3 Qa4 24. a3 Bd8 25. Qe3 Qb5 26. Nh4 Bb6 27. Qe2
Qb3 28. gxh5 Rxc3+ 29. bxc3 Qxc3+ 30. Kg4 Bxh5+ 31. Kxh5 Qxh3 32. Rh1 g6+ 33.
Kh6 Qxh1 34. Qg4 Bd8 0-1

[Event "African Championship 2013 Open"]
[Site "Hotel Sol Phebus - Tunis"]
[Date "2013.05.26"]
[Round "8.6"]
[White "Ezat, Mohamed"]
[Black "Amdouni, Zoubaier"]
[Result "1-0"]
[WhiteElo "2454"]
[BlackElo "2249"]
[PlyCount "91"]
[EventDate "2013.05.18"]
[EventRounds "9"]
[EventCountry "TUN"]

1. d4 Nf6 2. c4 e6 3. Nc3 Bb4 4. Qc2 b6 5. e4 Bxc3+ 6. bxc3 d6 7. Bd3 e5 8. Ne2
h6 9. f4 c5 10. O-O Nc6 11. d5 Na5 12. fxe5 dxe5 13. Ng3 Qd6 14. Qf2 Qe7 15.
Be2 Bd7 16. Nf5 Bxf5 17. Qxf5 Nb7 18. Bd3 Nd6 19. Qh3 Nd7 20. Qg3 g5 21. a4 a5
22. Bd2 O-O-O 23. h4 gxh4 24. Qh3 Rdg8 25. Be1 Qg5 26. Bxh4 Qg4 27. Kh2 Nxe4
28. Rxf7 Qxh3+ 29. Kxh3 Nd6 30. Re7 h5 31. Re6 Nf7 32. Rc6+ Kb7 33. Bf5 Nb8 34.
Rf6 Nh6 35. Be4 Rg4 36. Re1 Nd7 37. Rd6 Kc7 38. Rc6+ Kb7 39. d6 Kb8 40. Rc7 Nf8
41. Re7 Ng6 42. Rb7+ Ka8 43. Rh7+ Rxe4 44. Rxh8+ Nxh8 45. Rxe4 N8f7 46. d7 1-0

[Event "African Championship 2013 Open"]
[Site "Hotel Sol Phebus - Tunis"]
[Date "2013.05.26"]
[Round "8.7"]
[White "Van Den Heever, Donovan"]
[Black "Arab, Adlane"]
[Result "1/2-1/2"]
[WhiteElo "2280"]
[BlackElo "2445"]
[PlyCount "32"]
[EventDate "2013.05.18"]
[EventRounds "9"]
[EventCountry "TUN"]

1. e4 c5 2. Nf3 Nc6 3. d3 d6 4. g3 g6 5. Bg2 Bg7 6. O-O Rb8 7. c3 e5 8. a3 Nge7
9. b4 b5 10. Be3 cxb4 11. axb4 a5 12. bxa5 Nxa5 13. Nbd2 O-O 14. Qc1 h6 15. Ne1
Nac6 16. Nb3 Be6 1/2-1/2

[Event "African Championship 2013 Open"]
[Site "Hotel Sol Phebus - Tunis"]
[Date "2013.05.26"]
[Round "8.8"]
[White "Solomon, Kenny"]
[Black "Njobvu, Ignatius"]
[Result "1-0"]
[WhiteElo "2406"]
[BlackElo "2239"]
[PlyCount "120"]
[EventDate "2013.05.18"]
[EventRounds "9"]
[EventCountry "TUN"]

1. d4 d5 2. Nf3 Nf6 3. c4 e6 4. Nc3 c6 5. Bg5 Nbd7 6. e3 Qa5 7. cxd5 Nxd5 8.
Qd2 Bb4 9. Rc1 h6 10. Bh4 b6 11. a3 Bxc3 12. bxc3 c5 13. c4 Qxd2+ 14. Nxd2 Ne7
15. Bd3 Bb7 16. f3 f5 17. O-O Kf7 18. Nb3 Rac8 19. Rfd1 g6 20. dxc5 Nxc5 21.
Nxc5 Rxc5 22. Be2 Bc6 23. Be1 Ba4 24. Rd4 Rhc8 25. Rb1 Be8 26. Bb4 R5c7 27. Rh4
Ng8 28. c5 bxc5 29. Ba5 Re7 30. Rc4 Nf6 31. Rcc1 Nd5 32. Kf2 Nb6 33. Bxb6 axb6
34. Rxb6 Ra7 35. Rc3 Bd7 36. Bc4 Rc6 37. Rb8 Rc8 38. Rb6 Rc6 39. Rb2 Ke7 40. f4
Rcc7 41. Be2 Ra5 42. Rb8 h5 43. Rb2 Bc6 44. Rb6 Bd5 45. Bb5 Rb7 46. Rxb7+ Bxb7
47. a4 Kd6 48. Rd3+ Bd5 49. Rc3 c4 50. g3 Kc5 51. Ke2 Ra8 52. Rc1 h4 53. g4
fxg4 54. e4 Rf8 55. exd5 exd5 56. Bd7 Rxf4 57. a5 Rf7 58. Bxg4 Ra7 59. Ra1 d4
60. a6 d3+ 1-0

[Event "African Championship 2013 Open"]
[Site "Hotel Sol Phebus - Tunis"]
[Date "2013.05.26"]
[Round "8.9"]
[White "Nafri, Khalil"]
[Black "Belkhodja, Slim"]
[Result "1/2-1/2"]
[WhiteElo "2191"]
[BlackElo "2444"]
[PlyCount "100"]
[EventDate "2013.05.18"]
[EventRounds "9"]
[EventCountry "TUN"]

1. e4 c5 2. Nf3 Nc6 3. d4 cxd4 4. Nxd4 Qc7 5. Nc3 e6 6. Be3 a6 7. Bd3 Nf6 8.
O-O b5 9. Nxc6 Qxc6 10. e5 Bb7 11. f3 Bc5 12. Qe2 Nd5 13. Nxd5 Qxd5 14. Bxc5
Qxc5+ 15. Kh1 f5 16. a4 b4 17. c3 O-O 18. cxb4 Qxb4 19. Bc4 Rfc8 20. b3 Rc5 21.
Rfd1 Bc6 22. h3 a5 23. Rd4 Qc3 24. Rad1 f4 25. R1d3 Qc1+ 26. Kh2 Rf8 27. Rd1
Qe3 28. Qxe3 fxe3 29. f4 g5 30. g3 gxf4 31. gxf4 Kf7 32. Re1 Rg8 33. h4 Rg2+
34. Kh3 Rd2 35. Rxd2 exd2 36. Rd1 Bxa4 37. Rxd2 Bc6 38. Rd4 Ke7 39. Kg4 Kf8 40.
Kg5 Kg7 41. Kg4 h6 42. Kg3 Kf8 43. Kg4 Kf7 44. Kg3 h5 45. Kf2 Ke7 46. Ke3 Bb7
47. Rd6 Rc7 48. Kd4 Bc6 49. f5 exf5 50. Rh6 Bf3 1/2-1/2

[Event "African Championship 2013 Open"]
[Site "Hotel Sol Phebus - Tunis"]
[Date "2013.05.26"]
[Round "8.10"]
[White "Bouaziz, Mehdi"]
[Black "Al-Zayat, Ahmed"]
[Result "0-1"]
[WhiteElo "2228"]
[BlackElo "2070"]
[PlyCount "96"]
[EventDate "2013.05.18"]
[EventRounds "9"]
[EventCountry "TUN"]

1. d4 c5 2. e3 Nf6 3. Nf3 b6 4. Bd3 Bb7 5. O-O d5 6. b3 e6 7. Bb2 Be7 8. Ne5
O-O 9. Qf3 Nbd7 10. Qh3 h6 11. c3 Nxe5 12. dxe5 Nd7 13. c4 d4 14. exd4 cxd4 15.
Bxd4 Nc5 16. Rd1 Nxd3 17. Rxd3 Qc7 18. Nc3 Rfd8 19. Rad1 Bb4 20. Nb5 Qb8 21.
Bc3 Rxd3 22. Qxd3 Bf8 23. Nd6 Bc6 24. Qg3 Qc7 25. h4 Rd8 26. Qg4 Ba8 27. Rd4
Kh7 28. Qf4 f5 29. Qd2 Qc6 30. f3 Be7 31. Kh2 Qc5 32. f4 Bxh4 33. b4 Qc6 34. b5
Qc7 35. a4 Be7 36. a5 g5 37. fxg5 Bxg5 38. Qe2 Qg7 39. axb6 axb6 40. Bd2 Bxd2
41. Rxd2 Rg8 42. Qe3 Qg4 43. g3 Qh5+ 44. Kg1 Qh1+ 45. Kf2 Bg2 46. Rd1 Qxd1 47.
Kxg2 Ra8 48. g4 Qxg4+ 0-1

[Event "African Championship 2013 Open"]
[Site "Hotel Sol Phebus - Tunis"]
[Date "2013.05.26"]
[Round "8.11"]
[White "Asabri, Hussien"]
[Black "Bouzidi, Ahmed"]
[Result "1-0"]
[WhiteElo "2222"]
[BlackElo "2161"]
[PlyCount "69"]
[EventDate "2013.05.18"]
[EventRounds "9"]
[EventCountry "TUN"]

1. d4 Nf6 2. Nf3 e6 3. Bg5 Be7 4. Nbd2 b6 5. e4 d5 6. Bd3 Bb7 7. Qe2 dxe4 8.
Nxe4 Nd5 9. Bd2 Nb4 10. Bxb4 Bxb4+ 11. c3 Be7 12. Bb5+ c6 13. Bd3 Nd7 14. O-O
Qc7 15. a4 Qf4 16. a5 Rd8 17. axb6 axb6 18. Ra7 Ba8 19. g3 Qg4 20. Rfa1 O-O 21.
Qe3 c5 22. Rxd7 Bf6 23. Nxf6+ gxf6 24. Qh6 Be4 25. Bxe4 Qxe4 26. Rxd8 Rxd8 27.
Qxf6 Ra8 28. Re1 Qg6 29. Qxg6+ hxg6 30. dxc5 bxc5 31. Re5 Ra2 32. Rxc5 Rxb2 33.
Rc7 Rb5 34. c4 Rb1+ 35. Kg2 1-0

[Event "African Championship 2013 Open"]
[Site "Hotel Sol Phebus - Tunis"]
[Date "2013.05.26"]
[Round "8.12"]
[White "Elarbi, Abobker"]
[Black "Boudriga, Med Ali"]
[Result "1/2-1/2"]
[WhiteElo "2272"]
[BlackElo "2234"]
[PlyCount "122"]
[EventDate "2013.05.18"]
[EventRounds "9"]
[EventCountry "TUN"]

1. d4 d5 2. Nf3 Nf6 3. c4 dxc4 4. Nc3 c5 5. e3 e6 6. Bxc4 a6 7. a4 Nc6 8. O-O
Be7 9. dxc5 Qc7 10. Qe2 Bxc5 11. h3 b6 12. Rd1 Bb7 13. e4 Ne5 14. Nxe5 Qxe5 15.
Be3 O-O 16. Bxc5 Qxc5 17. e5 Qc6 18. f3 Qc5+ 19. Kh2 Nh5 20. Bd3 Nf4 21. Qe1 h6
22. Be4 Bxe4 23. Qxe4 Ng6 24. f4 Qf2 25. Ne2 Rad8 26. Rac1 Rxd1 27. Rxd1 Nh4
28. b4 Nf5 29. Rd3 Rc8 30. Nd4 Rc4 31. Qa8+ Kh7 32. Nxf5 exf5 33. Rf3 Qd2 34.
Qf8 Qd5 35. Qd6 Qxd6 36. exd6 Rd4 37. b5 axb5 38. Rb3 bxa4 39. Rxb6 Rxf4 40.
Ra6 Rd4 41. Kg3 a3 42. Rxa3 Rxd6 43. Kf3 g5 44. Rb3 Kg6 45. Kg3 f4+ 46. Kf3 Re6
47. Kf2 h5 48. Rb8 Rc6 49. Rb4 Rc2+ 50. Kf3 Rc3+ 51. Kf2 h4 52. Rb6+ f6 53. Ra6
Rc2+ 54. Kf3 Rd2 55. Rb6 Kf5 56. Rb5+ Ke6 57. Rb6+ Ke5 58. Rb5+ Rd5 59. Rb6 Rc5
60. Ra6 Rc3+ 61. Ke2 Rc7 1/2-1/2